1962 1153 1670 1567 1694 1690 1444 1761 1621 1582 1882 1866 1486 1073 1877 1154 1737 1155 1021 1738 1150 1047 1327 1654 1682 1226 1156 1329 1333 1904 1174 1049 1366 1316 1927 1103 1481 1672 1958 1757 1562 1203 1076 1361 1936 1620 1324 1020 1873 1078 1391 1877 1331 1681 1874 1930 1422 1153 1666 1907 1780 1711 1195 1794 1068 1868 1053 1331 1292 1674 1450 1601 1736 1370 1269 1002 1804 1152 1445 1066 1818 1973 1678 1255 1316 1136 1531 1639 1492 1668 1285 1811 1384 1086 1909 1343 1088 1597 1621 BCNSPRNW ULIB Ver.6.0+V

เปลี่ยนเป็นภาษาไทย

Change to English
 แสดงรายละเอียดบรรณานุกรม
  กลับหน้าหลัก

Brief Record : Get Marc (ISO 2709) : E-mail record : QR code < ปิดหน้าต่าง
LEADER : 00000nam 2200000uu 4500
001    13399125852
003     ULIB
008    020711s2016 th a 000 0 eng d
020    ^a9780826128140
060    ^aWY20.5^bA-B
100    ^aAlbert, Nancy M.
245    ^aBuilding and sustaining a hospital-based nursing research program/^bAlbert, Nancy M.
260    ^aPhiladelphia :^bSpringer Publishing Company,^c2016
300    ^a255 pages;^c22 cm
650    ^aClinical Nursing Research-organization&administration
945    ^p2397^l0^i003234
999    ^aประนอม เกษจรัล
รายการนี้ยังไม่มีแท็ก
คุณยังไม่ได้ล็อกอิน คุณสามารถมีกิจกรรมร่วมกับเว็บไซต์ได้ แต่ต้องล็อกอินก่อน ::
  ล็อกอิน

รายการสื่อสารสนเทศ

ลำดับที่ ประเภท เลขเรียก/บาร์โค้ด สถานที่ สถานะ
1. วิทยาศาสตร์การแพทย์ และสุขภาพ
หนังสือสำรอง
สถานะ=หนังสือสำรอง
WY20.5 A-B ฉ.1 
  Barcode: 003234
ห้องสมุดวิทยาเขตสวรรค์ประชารักษ์
►หนังสือทั่วไป
บนชั้น

BibComment


ยังไม่เคยถูกคอมเมนท์

คอมเมนท์ทรัพยากรรายการนี้
  คอมเมนท์: Building and sus..


 Copyright 2026. Bcnsprnw @Library